| 000 | 00362cam a2200133u 4500 | ||
|---|---|---|---|
| 040 | _cCarP | ||
| 082 | _a530 DUN 1965 A030 Or. | ||
| 100 | 1 | _aValentin, Jacques, | |
| 245 | 1 | 0 | _aExercices de physique à l'usage des étudiants de S. P. C. N., |
| 260 |
_aParis, _bDunod, _c1965 [c1964] |
||
| 300 |
_aviii, 250 p. _billus. _c24 cm. |
||
| 650 | 0 | _aPhysics | |
| 942 | _cFB | ||
| 999 |
_c11514 _d11514 |
||